Forecasting inflation with a simple and accurate benchmark: the case of the US and a set of inflation targeting countries

Predpovedanie inflácie v USA a v krajinách s používaním inflačného cielenia prostredníctvom niekoľkých jednorozmerných modelov. Driftless extended seasonal ARIMA (DESARIMA) modely.

Salvato in:
Dettagli Bibliografici
Autore principale: Pincheira, Pablo M.
Altri autori: Medel, Carlos A.
Natura: Capitolo di libro
Lingua:inglese
Soggetti:
Tags: Aggiungi Tag
Nessun Tag, puoi essere il primo ad aggiungerne!!

MARC

LEADER 00000naa a2200000 4500
001 0200150
005 20231010120926.4
041 0 |a eng 
044 |a CZ 
245 1 0 |a Forecasting inflation with a simple and accurate benchmark: the case of the US and a set of inflation targeting countries  |c Pablo M. Pincheira, Carlos A. Medel 
520 |a Predpovedanie inflácie v USA a v krajinách s používaním inflačného cielenia prostredníctvom niekoľkých jednorozmerných modelov. Driftless extended seasonal ARIMA (DESARIMA) modely. 
610 2 0 |a inflácia 
610 2 0 |a prognózy 
610 2 0 |a cielenie inflácie 
610 2 0 |a rady časové 
610 2 0 |a modelovanie ekonometrické 
610 2 0 |a USA 
100 1 |a Pincheira, Pablo M. 
700 1 |a Medel, Carlos A.